| 000 | 00696nam a22002537a 4500 | ||
|---|---|---|---|
| 999 |
_c2369 _d2369 |
||
| 005 | 20230502110339.0 | ||
| 008 | 230502b ||||| |||| 00| 0 eng d | ||
| 020 | _a9786263264823 | ||
| 040 | _cKH8 | ||
| 082 | _a495 YEH | ||
| 100 |
_aYeh, Shao-Ping, _eauthor. |
||
| 245 |
_aAmazing Chinese Workbook 1/ _cShao-Ping Yeh |
||
| 260 |
_aTaiwan: _bKang Hsuan Education Corp., _c2019. |
||
| 300 |
_a144 pages : _billustrations. |
||
| 440 |
_aAmazing Chinese _v1 |
||
| 500 | _aAmazing Chinese Workbook | ||
| 500 | _alesson exercises | ||
| 500 | _alanguage learning | ||
| 700 | _aChen, Lifen | ||
| 700 | _aTu, Jessy | ||
| 700 | _aTam, Hugo Wing-Yu | ||
| 700 | _aDaiwei, Wei | ||
| 942 |
_2ddc _cTR |
||